Dunajec Pieniny Červená skala
Zobrazenie: Pohľad v bielom orámovaní na rieku Dunajec v popredí. Vľavo aj vpravo je kamenistý breh, za ním sú husté ihličnaté stromy, v pozadí sú vysoké skalnaté hory
| Médium: | Pohľadnica |
|---|---|
| Jazyk: | slovenčina nemčina |
| Fyzický popis: | 1 pohľadnica čiernobiela 9 x 14 cm |
| Vydavateľské údaje: |
Sp. St. Ves
A. Marušinsky
[medzi 1905 a 1973?]
|
| Predmet: |
MARC
| LEADER | 00000nkm a2200000 a 4500 | ||
|---|---|---|---|
| 001 | vtls011914973 | ||
| 003 | SK-MaSNL | ||
| 005 | 20260512123121.0 | ||
| 007 | kp bo | ||
| 008 | 231120q1905 xo g kuslo | ||
| 015 | |a SNBG | ||
| 035 | |a urn:nbn:sk:snk-km00eadz | ||
| 035 | |a urn:nbn:sk:snk-km43gs9 | ||
| 035 | |a 7DCED5FD-3A08-49EE-B5E8-381737A934F6 | ||
| 040 | |a SNK |b slo |c SNK |e AACR2 | ||
| 041 | 0 | |a slo |a ger | |
| 043 | |a e-pl--- |a e-xo--- | ||
| 044 | |a xo |c SK | ||
| 072 | 7 | |a 908(437) |x Vlastiveda Česka a Slovenska |2 konspekt | |
| 080 | |a 908(437.6) |2 2011 | ||
| 080 | |a 551.24.055 |2 2011 | ||
| 080 | |a (084.121) |2 2011 | ||
| 080 | |a 556.53 |2 2011 | ||
| 080 | |a (282.243) |2 2011 | ||
| 080 | |a (438) |2 2011 | ||
| 245 | 0 | 0 | |a Dunajec Pieniny |h grafika |b Červená skala |
| 246 | 3 | 1 | |a Dunajec Pieninen |b Roter Stein |
| 260 | |a Sp. St. Ves |b A. Marušinsky |c [medzi 1905 a 1973?] | ||
| 300 | |a 1 pohľadnica |b čiernobiela |c 9 x 14 cm | ||
| 500 | |a Názvové údaje prevzaté z obrazovej časti pohľadnice | ||
| 520 | 8 | |a Zobrazenie: Pohľad v bielom orámovaní na rieku Dunajec v popredí. Vľavo aj vpravo je kamenistý breh, za ním sú husté ihličnaté stromy, v pozadí sú vysoké skalnaté hory | |
| 546 | |a Súbežný názov a podnázov v nem. | ||
| 650 | 0 | 7 | |a vrchy a štíty |2 SNKPH |9 165131 |
| 650 | 0 | 7 | |a rieky |2 SNKPH |9 29644 |
| 651 | 7 | |a Červená skala (Slovenský raj, Slovensko : vrch) |2 SNKPHgeo |9 178523 | |
| 651 | 7 | |a Dunajec (Poľsko a Slovensko : rieka) |2 SNKPHgeo |9 31516 | |
| 655 | 7 | |a geografické pohľadnice |2 SNKPH |9 70522 | |
| 752 | |a Slovensko |d Spišská Stará Ves | ||
| 852 | |a Slovenská národná knižnica | ||
| 954 | |a pohľadnice pôvodné (slovenské) |2 lita | ||
| 958 | |a OND | ||
| 958 | |a GBN | ||
| 958 | |a GC | ||
| 958 | |a EUIPO | ||
| 999 | |c 692317 |d 694247 | ||
| 952 | |a SNK |b SNK |y PREZ |7 0 |p 17A1381554 |o snkSP 118657 |0 0 |1 0 |4 0 |d 2020-02-03 |f 1 |l 0 |r 2026-02-23 20:31:19 |w 2026-02-23 | ||


